000 00560nam a2200229Ia 4500
003 OSt
005 20220918180738.0
006 a|||||r|||| 00| 0
007 ta
008 220917b |||||||| |||| 00| 0 eng d
024 _a23,877
037 _cTextual
040 _aARTS
_cARTS
_beng
041 _2eng
_aeng
082 _aO:9M8, J6
100 _aSwinnerton Frank
_915044
245 0 _aAuthors I never met
260 _c1956
650 _aENGLISH LITERATURE
942 _hO:9M8, J6
_cTEXL
_2CC
999 _c162888
_d162888